000 00338nam a2200145Ia 4500
100 _aLundin/Stephen C
650 _aGeneral
942 _cBK
654 _afish
245 _aFISH:A remarkable way to boost Morale and improve result
260 _bHadder and Stoughton
_c2000
082 _a658
_bLUN
300 _a107
546 _aENGLISH
999 _c24039
_d24039